Spoločenská zodpovednosť spoločnosti Orange Slovensko, a.s diplomová práca

Gespeichert in:
Bibliographische Detailangaben
1. Verfasser: Opánska, Markéta
Körperschaft: Obchodná fakulta EU. Katedra marketingu
Weitere Verfasser: Folvarčíková, Lucia, 1982-
Format: Buch
Sprache:Slowakisch
Veröffentlicht: Bratislava 2013
Tags: Tag hinzufügen
Keine Tags, Fügen Sie das erste Tag hinzu!

MARC

LEADER 00000nbm a2200000 4500
001 0169409
005 20161109102302.5
041 0 |a slo 
044 |a SK 
245 1 0 |a Spoločenská zodpovednosť spoločnosti Orange Slovensko, a.s  |b diplomová práca  |c Markéta Opánska ; školiteľ: Katarína Chomová 
264 1 |a Bratislava  |c 2013 
300 |a 66 s. 
100 1 |a Opánska, Markéta 
700 1 |a Folvarčíková, Lucia, 1982- 
710 2 |a Obchodná fakulta EU. Katedra marketingu